| 000 | 00705nam a2200217Ia 4500 | ||
|---|---|---|---|
| 001 | 16694 | ||
| 003 | GE_BSU | ||
| 008 | 181216s||||||||xx |||||||||||||| ||und|| | ||
| 040 | _cGE_BSU | ||
| 080 | _a821.161.1-1 | ||
| 100 | _aკაზაკოვა, რიმა | ||
| 245 | _aმსურს გიყვარდე... | ||
| 245 | _cთარგმნა ო. შალამბერიძემ.რედ.ქ.ტოროტაძე | ||
| 260 | _aთბილისი | ||
| 260 | _bსაბჭ. საქართველო | ||
| 260 | _c1985 | ||
| 300 | _a153გვ. ; 16სმ | ||
| 653 | _aლექსები | ||
| 653 | _aმსურს გიყვარდე... | ||
| 942 | _cBK | ||
| 999 |
_c49759 _d49759 |
||